000 00360nam a2200157Ia 4500
003 OSt
005 20240329110038.0
008 170524s9999 xx 000 0 und d
020 _a978-8120305670
040 _cIIMT UNIVERSITY
100 _aSTILL, & GOVONI
245 0 _aSALES MANAGEMENT
260 _aDELHI
_bP.H.I.
_c2002
300 _a638
942 _2ddc
_c02
999 _c2214
_d2214